000 00424nam a2200145 4500
008 151204b xxu||||| |||| 00| 0 eng d
050 _aPN 54.L58 2005
100 _aK12
_d2005
245 _aEnglish:
_bliterary analysis and composition/
_cK12
260 _aUSA;
_bK12,
_c2005.
300 _aviii, 425 p. :
650 _aLiterature.
650 _aLiterary analysis.
942 _2lcc
_cBOOKS
_hPN 54.L58 2005
999 _c10259
_d10259